| 000 | 01049cam a2200277 a 4500 | ||
|---|---|---|---|
| 005 | 20180313061554.0 | ||
| 008 | 140827s2008 xxuad frb 001 0 eng | ||
| 020 | _a0736064796 | ||
| 020 | _a9780736064798 | ||
| 040 |
_aCO-BoUCM _bspa _cJose A. Gerena _dJose A. Gerena |
||
| 041 | 0 | _aeng | |
| 060 | 1 | 0 | _aWK 810 |
| 245 | 0 | 0 |
_aPhysical activity and type 2 diabetes _btherapeutic effects and mechanisms of action _ceditado por John A. Hawley, Juleen R. Zierath |
| 260 |
_aChampaign (Illinois, Estados Unidos) _bHuman Kinetics _c2008 |
||
| 300 |
_axii, 218 páginas _bilustraciones, cuadros |
||
| 504 | _aIncluye referencias bibliográficas e índices | ||
| 650 | 7 |
_aActividad física _98428 |
|
| 650 | 7 |
_aDiabetes _913121 _vTratamiento |
|
| 650 | 7 |
_aEjercicios terapéuticos _913947 |
|
| 650 | 7 |
_aEnfermedades endocrinas _914397 |
|
| 690 |
_942803 _aEndocrinología |
||
| 700 | 1 |
_aHawley, John A. _eeditor _964027 |
|
| 700 | 1 |
_aZierath, Juleen R. _eeditor _964028 |
|
| 942 |
_a15 _cLIBRO _e1 _mP578ph _2NLM _hWK 810 _n0 |
||
| 999 |
_c296569 _d296569 |
||